Ídolos del cine mexicano de la época de oro. - Estadísticas

Estadísticas generales
  • Esta prueba ha sido intentada 36 veces
  • La puntuación promedio es 7 de 12
Estadísticas de respuestas
Imagen Respuesta % Correcto
Mario Moreno "Cantinflas"
100%
María Félix "La Doña"
81%
Jorge Negrete "El Charro Cantor"
77%
Pedro Infante
77%
Silvia Pinal
65%
Germán Valdés "Tin Tan"
58%
Ignacio López Tarso
52%
Dolores del Río
45%
Emilio "El Indio" Fernández
45%
Pedro Armendáriz
35%
Sara García
35%
Katy Jurado
29%
No se encontraron pruebas coincidentes
Distribución de puntuación
Porcentaje de gente con cada puntuación
Porcentaje por número respondido
Historial de tus puntuaciones
No has intentado esta prueba.